000 00903cam a2200217 4500
008 000000n2000 000 0 eng u
020 _a0728203316
035 _a(Sirsi) u104967
100 _aPrag, Peter
245 _aRural diversification.
260 _aLondon
_bEstates Gazette
_c2000
300 _avii, 149p. ; 21cm.
350 _a19.50
520 _aThis book is a comprehensive guide on how to embark upon a diversification scheme, looking at the different reasons for doing so, the ways in which they should be assessed and how a suitable project may then be implemented. Issues covered include finance, planning, marketing as well as the legal and tax aspects. SUPERSEDED BY 2ND EDITION (ISBN 0728203715)
650 _aALTERNATIVE ENTERPRISES
650 _aDIVERSIFICATION
650 _aFARM SHOPS
650 _aFARM BUSINESSES
690 _aFARM BUSINESS MANAGEMENT
942 _n0
999 _c100308
_d100308